| 000 | 00333nam a2200133Ia 4500 | ||
|---|---|---|---|
| 008 | 220217s9999||||xx |||||||||||||| ||und|| | ||
| 082 | _a624 BAL | ||
| 100 | _aBalaguruswamy, N | ||
| 245 | 0 | _aElements of civil engineering | |
| 250 | _a1st | ||
| 260 |
_aPooja publications _bBangalore _c2002 |
||
| 300 | _b90 | ||
| 650 | _aCIVIL | ||
| 999 |
_c170070 _d170070 |
||